LIBRARY ONLINE CATALOGUE

A Dissertation on women's property rights in Kenya / (Record no. 15500)

MARC details
000 -LEADER
fixed length control field 00465nam a22001692 4500
001 - CONTROL NUMBER
control field 0000024658
005 - DATE AND TIME OF LATEST TRANSACTION
control field 20151217161645.0
008 - FIXED-LENGTH DATA ELEMENTS--GENERAL INFORMATION
fixed length control field 140123s xx 000 0 eng d
040 ## - CATALOGING SOURCE
Original cataloging agency KABU
Transcribing agency KABU
100 1# - MAIN ENTRY--PERSONAL NAME
Personal name Awuonda, Brian O.
-- 0000185040
245 12 - TITLE STATEMENT
Title A Dissertation on women's property rights in Kenya /
Statement of responsibility, etc. Brian O. Awuonda.
260 ## - PUBLICATION, DISTRIBUTION, ETC. (IMPRINT)
Date of publication, distribution, etc. 2012.
300 ## - PHYSICAL DESCRIPTION
Extent vii, 56 leaves.
908 ## - PUT COMMAND PARAMETER (RLIN)
Put command parameter 140123
950 ## - LOCAL HOLDINGS (RLIN)
-- 1
Holdings
Withdrawn status Lost status Source of classification or shelving scheme Not for loan Home library Current library Date acquired Total Checkouts Full call number Barcode Date last seen Date last checked out Price effective from Koha item type
    Library of Congress Classification   Kabarak, Main Campus Kabarak, Main Campus 17/12/2015 3 Law PRO18 22/05/2017 22/05/2017 17/12/2015 Thesis, Dissertation and Projecs